LEADER 00931nam a2200241 4500 001 000000348439 003 CaOOAMICUS 005 20211116115025.0 008 211110s1977 it 000 u ita r 040 $aSeMil$bita 100 1 $aMazzariol, Ferruccio,$d<1939->.$0(OLS)http://semarc/name/20012 245 10$aDiario di un giovane prete /$cFerruccio Mazzariol. 264 1$aRoma :$bCartia,$c1977. 300 $a65 p. ;$c17 cm 490 1 $aNarratori del 2. Novecento 541 0 $aOmaggio card. Angelo Scola (1A I 222) 830 0$aNarratori del 2. Novecento.$0(OLS)http://semarc/title/437831 850 $aSeMil 852 $aSeMil$W1$xVenegono$y1$m1A I 222$j229873$B239505$CSeMilBibl$Z2$F239505 $81 961 $aOmaggio card. Angelo Scola 996 $6245$aDiario di un giovane prete$9(OLS)http://semarc/title/437830 996 $6264$aRoma :$bCartia$9(OLS)http://semarc/publisher/60218 LEADER 01228nam a2200217 i 4500 001 000000070985 003 CaOOAMICUS 005 20160219000000.0 008 160219n xx u000 u ger u 013 $a42157 040 $aSeMil$bita 245 10$aRichard Wagners Musikdramen :$bRienzi, Der Fliegende Holländer, Lohengrin, Tristan und Isolde, Die Meisterfinger von Nürnberg /$cdurchges., mit den ursprüngl. Fassungen verglichen, mit Einl. sowie den hauptächlichsten Motiven und Notenbeisp. vers., nebst einem Vorwort hrsg. von Edmund E. F. Kühn. 260 $aBerlin :$bGlobus Verlag,$c[1914] 300 $aVII, 330 p., [6] c. ripieg. 650 4$aWagner, Richard <1813-1883> - Opere.$0(OLS)http://semarc/subject/10305 700 1 $aKühn, Edmund E. F.$0(OLS)http://semarc/name/35314 700 1 $aWagner, Richard,$d<1813-1883>.$0(OLS)http://semarc/name/8764 850 $aSeMil 852 $aSeMil$W1$xVenegono$y1$m3Q II 14$j37138$B37138$CSeMilBibl$Z2$F37141 $81 996 $6245$aRichard Wagners Musikdramen :$bRienzi, Der Fliegende Holländer, Lohengrin, Tristan und Isolde, Die Meisterfinger von Nürnberg$9(OLS)http://semarc/title/114095 996 $6260$aBerlin :$bGlobus Verlag$9(OLS)http://semarc/publisher/42929 LEADER 00970nam a2200241 i 4500 001 000000111784 003 CaOOAMICUS 005 20030916000000.0 008 030916s1978 it u000 u ita u 013 $a84466 040 $aSeMil$bita 100 1 $aGaddo, Giovanni.$0(OLS)http://semarc/name/33260 245 10$aAntonio Rosmini :$bal Calvario di Domodossola /$cGiovanni Gaddo. 260 $aStresa :$bSodalitas,$c1978. 300 $a132 p., [17] c. di tav. ;$c22 cm. 500 $aFondo Card. C.M. Martini. 650 4$aRosmini Serbati, Antonio - Domodossola - Calvario.$0(OLS)http://semarc/subject/20047 850 $aSeMil 852 $aSeMil$W1$xVenegono$y1$m2L IV 22$j67594$B67594$CSeMilBibl$Z2$F93748 $81 941 1 $a4 961 $aOmaggio: Martini Card. Carlo Maria 996 $6245$aAntonio Rosmini :$bal Calvario di Domodossola$9(OLS)http://semarc/title/162814 996 $6260$aStresa :$bSodalitas$9(OLS)http://semarc/publisher/39841